| 000 | 00612nam a22001457a 4500 | ||
|---|---|---|---|
| 003 | OSt | ||
| 005 | 20150917110925.0 | ||
| 008 | 150917b xxu||||| |||| 00| 0 eng d | ||
| 040 | _cRUA | ||
| 082 | _aAGR SO 2002 B023 Or.1 | ||
| 100 |
_9659 _aSO, SOKCHEATH. |
||
| 245 | _aComparing of fertilizer on chinese kale crop at royal university of agriculture ការប្រៀបធៀបជីលើដំណាំខាត់ណាដើមក្នុងលក្ខ័ខ័ណ្ខសាកលវិទ្យាល័យភូមិន្ទកសិកម្ម | ||
| 300 |
_a58p. _bill. _c29cm. |
||
| 942 |
_2ddc _cAGR |
||
| 999 |
_c637 _d637 |
||